MARC

LEADER 00000nam a22000007a 4500
001 24828
003 AGDB
005 20260324181536.0
008 251015b -us||||| |||| 00| 0 eng d
041 |a eng 
100 |a Masson, André,   |d 1896-1987  |9 72485 
245 |a Eulogy of Paul Klee /  |c André Masson 
260 |a New York :   |b Curt Valentin ,  |c 1950 
300 |a [13] pàg. :  |b il. b/n ;  |c 19 cm 
500 |a Prové del fons Joan Junyer i Pascual (1909-1994) 
600 0 |a Klee, Paul,  |d 1879-1940  |9 72493 
650 0 |a Art modern  |y s. XX  |9 72445  |x Història i crítica  |2 lemac 
650 0 |a Fons Joan Junyer i Pascual (1909-1994)  |9 72777 
655 0 |a Fulletons  |9 55858 
942 |2 udc  |c ARXIU  |n 1 
952 |0 0  |1 0  |4 0  |6 F50468  |7 1  |9 98463  |a Arxiu  |b Arxiu  |d 2025-10-15  |l 0  |o F-504-68  |p 24828  |r 2025-10-15 09:39:14  |w 2025-10-15  |y ARXIU 
999 |c 130217  |d 130217